| 000 | 00622nam a2200205Ia 4500 | ||
|---|---|---|---|
| 999 |
_c4506 _d4506 |
||
| 001 | 3158180 | ||
| 003 | OSt | ||
| 005 | 20181206170359.0 | ||
| 008 | 770803q19701979iluao 000 0 eng d | ||
| 040 |
_aTLT _cTLT _dBSC |
||
| 082 |
_a235.4 _bM481V |
||
| 092 |
_a235.4 _bM481v |
||
| 100 | 1 | _aMeade, Russell J. | |
| 245 | 1 | 0 |
_aVictory over demonism today / _cRussell J. Meade. |
| 260 |
_aWheaton, Illinois : _bChristian Life Publications, _c[197-?] |
||
| 300 |
_a64 p. : _bill. ; _c23 cm. |
||
| 500 | _aAdapted from the series of articles appearing in Christian Life magazine, c1962. | ||
| 650 | 0 | _aDemonology. | |
| 942 |
_2ddc _cBK |
||